Training for agriculture and rural development : 1995-96

Αποθηκεύτηκε σε:
Λεπτομέρειες βιβλιογραφικής εγγραφής
Συγγραφή απο Οργανισμό/Αρχή: Food and Agriculture Organization of the United Nations
Μορφή: Βιβλίο
Γλώσσα:English
Δημοσίευση: Rome : Food and Agriculture Organization of the United Nations, 1996
Σειρά:FAO economic and social development series ; ; 54
Θέματα:
Ετικέτες: Προσθήκη ετικέτας
Δεν υπάρχουν, Καταχωρήστε ετικέτα πρώτοι!

MARC

LEADER 00000nam a2200000 i 4500
001 1/17143
008 980828s1996 eng d
020 |a 92-5-002988-8 
035 |l 10020450 
040 |a GR-MY-UA  |b gre  |e aacr 
041 0 |a eng 
082 0 |a 307.1412 
110 2 |a Food and Agriculture Organization of the United Nations. 
245 1 0 |a Training for agriculture and rural development :  |b 1995-96 
260 |a Rome :   |b Food and Agriculture Organization of the United Nations,   |c 1996 
300 |a 149 p.  |b fig. 
490 1 |a FAO economic and social development series  |v ; 54 
504 |a Includes bibliographical references 
650 0 0 |a Rural development  |x Congresses. 
650 0 0 |a Rural renewal  |x Study and teaching. 
830 0 |a FAO economic and social development series ;  |v ; 54 
852 |a INST  |b LESVOS  |e 19980828  |h 307.1412 TRA  |p 005100018529  |q 005100018529  |t BK  |y 0 
901 |a BIBL-1999-1 
909 |a Λ  |b 059029 
922 |a 1ΕΛΗ  |b 199808  |c ΚΠΣ/ΤΠ  |d ΠΑΠΑΣΩΤΗΡΙΟΥ 
950 |a 107-1998-05-26 
970 |z 2000/06/ΟΙΚΟΝΟΜΟΠΟΥΛΟΥ ΧΡΙΣΤΙΝΑ